Statystyki dla Kierowcy F1 2007

Kliknij tutaj aby rozwiązać quiz!

Ogólne statystyki

  • Ten quiz został rozwiązany 40 razy
  • Średni wynik to 17 z 27

Statystyki odpowiedzi

ZespółKierowca% Poprawnych
Vodafone McLaren MercedesFernando Alonso
100%
Robert Kubica
100%
Lewis Hamilton
94%
Mark Webber
94%
Sebastian Vettel
94%
Sebastian Vettel
94%
Scuderia Ferrari MarlboroFelipe Massa
91%
Kimi Raikkonen
88%
Honda Racing F1 TeamJenson Button
84%
BMW Sauber F1 TeamNick Heidfeld
84%
Rubens Barrichello
78%
AT&T WilliamsNico Rosberg
72%
Jarno Trulli
66%
Panasonic Toyota RacingRalf Schumacher
66%
ING Renault F1 TeamGiancarlo Fisichella
59%
Red Bull RacingDavid Coulthard
56%
Heikki Kovalainen
56%
Kazuki Nakajima
41%
Super Aguri F1 TeamTakuma Sato
41%
Etihad Aldar Spyker F1 TeamAdrian Sutil
38%
Scott Speed
38%
Scuderia Toro RossoVitantonio Liuzzi
34%
Anthony Davidson
31%
Alexander Wurz
28%
Christijan Albers
19%
Sakon Yamamoto
19%
Markus Winkelhock
13%

Rozkład punktacji

Percentyl według liczby udzielonych odpowiedzi

Procent ludzi z każdym wynikiem

Twoja historia wyników

Nie rozwiązałeś tego quizu